[Event "Blitz 2018"]
[Site "Saint-Petersburg"]
[Date "2018.12.30"]
[Round "19"]
[Board "75"]
[White "Hirneise Tobias (GER)"]
[Black "Postny Evgeny (ISR)"]
[Result "0-1"]
[LiveChessVersion "1.4.8"]
[BlackElo "2657"]
[WhiteElo "2472"]

1. d4 {[%clk 0:03:03]} d5 {[%clk 0:03:02]} 2. c4 {[%clk 0:03:05]} c6
{[%clk 0:03:03]} 3. Nf3 {[%clk 0:03:05]} Nf6 {[%clk 0:03:04]} 4. cxd5
{[%clk 0:03:04]} cxd5 {[%clk 0:03:05]} 5. Nc3 {[%clk 0:03:06]} Nc6
{[%clk 0:03:06]} 6. Bf4 {[%clk 0:03:07]} a6 {[%clk 0:03:06]} 7. Rc1
{[%clk 0:03:04]} Bf5 {[%clk 0:03:06]} 8. e3 {[%clk 0:03:00]} Rc8 {[%clk 0:03:06]}
9. Be2 {[%clk 0:02:59]} e6 {[%clk 0:02:58]} 10. O-O {[%clk 0:02:49]} Bd6
{[%clk 0:02:58]} 11. Bxd6 {[%clk 0:02:34]} Qxd6 {[%clk 0:02:58]} 12. Na4
{[%clk 0:02:36]} O-O {[%clk 0:02:44]} 13. Nc5 {[%clk 0:01:51]} Rc7
{[%clk 0:02:41]} 14. Qb3 {[%clk 0:01:53]} Qe7 {[%clk 0:02:29]} 15. Rc3
{[%clk 0:01:45]} Bg4 {[%clk 0:02:23]} 16. Rfc1 {[%clk 0:01:42]} Bxf3
{[%clk 0:02:23]} 17. Bxf3 {[%clk 0:01:43]} Rfc8 {[%clk 0:02:12]} 18. Qa4
{[%clk 0:01:35]} Nb8 {[%clk 0:01:57]} 19. Qb3 {[%clk 0:01:29]} Ne8
{[%clk 0:01:36]} 20. Be2 {[%clk 0:01:17]} g6 {[%clk 0:01:28]} 21. a4
{[%clk 0:01:10]} Nd6 {[%clk 0:01:17]} 22. h3 {[%clk 0:00:58]} Nd7
{[%clk 0:01:08]} 23. Qa3 {[%clk 0:00:50]} Nxc5 {[%clk 0:01:04]} 24. Rxc5
{[%clk 0:00:50]} Rxc5 {[%clk 0:00:57]} 25. Rxc5 {[%clk 0:00:51]} Rxc5
{[%clk 0:00:50]} 26. Qxc5 {[%clk 0:00:53]} Qd8 {[%clk 0:00:49]} 27. b4
{[%clk 0:00:50]} Ne4 {[%clk 0:00:48]} 28. Qc2 {[%clk 0:00:47]} a5
{[%clk 0:00:44]} 29. bxa5 {[%clk 0:00:22]} Qxa5 {[%clk 0:00:45]} 30. Kf1
{[%clk 0:00:10]} Qb4 {[%clk 0:00:38]} 31. Bb5 {[%clk 0:00:08]} Kg7
{[%clk 0:00:35]} 32. g3 {[%clk 0:00:09]} Nc3 {[%clk 0:00:28]} 33. Qd3
{[%clk 0:00:08]} Nxa4 {[%clk 0:00:28]} 34. Bxa4 {[%clk 0:00:06]} Qxa4 35. Kg2 Qc4
{[%clk 0:00:26]} 36. Qd1 {[%clk 0:00:07]} b5 37. Qf3 Qc7 {[%clk 0:00:26]} 38. h4
{[%clk 0:00:09]} h5 39. g4 hxg4 40. Qxg4 Qe7 {[%clk 0:00:23]} 41. h5
{[%clk 0:00:13]} Qf6 {[%clk 0:00:22]} 42. Kf1 {[%clk 0:00:13]} Qf5
{[%clk 0:00:23]} 43. Qe2 {[%clk 0:00:13]} Qb1+ 44. Kg2 Qe4+ {[%clk 0:00:17]} 45.
f3 {[%clk 0:00:07]} Qb1 {[%clk 0:00:18]} 46. hxg6 {[%clk 0:00:08]} Qxg6+ 47. Kf2
Qb1 {[%clk 0:00:16]} 48. e4 {[%clk 0:00:07]} dxe4 49. fxe4 Qb4 {[%clk 0:00:12]}
50. Qg4+ {[%clk 0:00:10]} Kf8 {[%clk 0:00:13]} 51. Ke3 {[%clk 0:00:10]} Qc3+
{[%clk 0:00:13]} 52. Ke2 {[%clk 0:00:10]} Qxd4 {[%clk 0:00:12]} 53. Qf4
{[%clk 0:00:09]} Qc4+ {[%clk 0:00:11]} 54. Ke3 {[%clk 0:00:10]} Qc5+
{[%clk 0:00:12]} 55. Kd3 {[%clk 0:00:11]} e5 {[%clk 0:00:13]} 56. Qh6+
{[%clk 0:00:09]} Ke7 57. Qg5+ Ke8 {[%clk 0:00:13]} 58. Qg8+ {[%clk 0:00:10]} Qf8
{[%clk 0:00:14]} 59. Qg5 Qd6+ 60. Ke3 {[%clk 0:00:07]} Qd4+ {[%clk 0:00:15]} 61.
Kf3 {[%clk 0:00:08]} Qd3+ {[%clk 0:00:15]} 62. Kf2 {[%clk 0:00:09]} Qxe4
{[%clk 0:00:16]} 63. Qg8+ Ke7 64. Qg5+ Kd7 65. Qg7 {[%clk 0:00:11]} Qf5+
{[%clk 0:00:19]} 66. Ke2 {[%clk 0:00:12]} b4 {[%clk 0:00:19]} 67. Qf8
{[%clk 0:00:13]} Qe4+ 68. Kd2 Qd5+ {[%clk 0:00:21]} 69. Kc2 {[%clk 0:00:15]} b3+
70. Kb2 Qc4 {[%clk 0:00:22]} 71. Qg7 {[%clk 0:00:14]} Qc2+ 72. Ka3 Ke6
{[%clk 0:00:20]} 73. Qg4+ {[%clk 0:00:15]} Kd6 {[%clk 0:00:18]} 74. Qf3
{[%clk 0:00:10]} Qc5+ {[%clk 0:00:18]} 75. Kb2 {[%clk 0:00:07]} Qd4+
{[%clk 0:00:19]} 76. Ka3 {[%clk 0:00:07]} b2 {[%clk 0:00:14]} 77. Qxf7
{[%clk 0:00:04]} b1=N+ {[%clk 0:00:08]} 78. Ka2 {[%clk 0:00:05]} Nc3+ 79. Kb3
Qd5+ {[%clk 0:00:08]} 0-1

[Event "Blitz 2018"]
[Site "Saint-Petersburg"]
[Date "2018.12.30"]
[Round "19"]
[Board "76"]
[White "Belyakov Bogdan (RUS)"]
[Black "Piorun Kacper (POL)"]
[Result "0-1"]
[LiveChessVersion "1.4.8"]
[BlackElo "2646"]
[WhiteElo "2448"]

1. e4 {[%clk 0:03:03]} c6 {[%clk 0:03:03]} 2. d4 {[%clk 0:03:04]} d5
{[%clk 0:03:04]} 3. Nc3 {[%clk 0:03:05]} dxe4 {[%clk 0:03:04]} 4. Nxe4
{[%clk 0:03:05]} Bf5 {[%clk 0:03:05]} 5. Nc5 {[%clk 0:03:06]} b6 {[%clk 0:03:03]}
6. Nb3 {[%clk 0:03:04]} e6 {[%clk 0:03:01]} 7. Nf3 {[%clk 0:03:04]} h6
{[%clk 0:03:01]} 8. g3 {[%clk 0:03:04]} Nf6 {[%clk 0:03:02]} 9. Bg2
{[%clk 0:03:05]} Nbd7 {[%clk 0:02:52]} 10. O-O {[%clk 0:03:03]} Qc7
{[%clk 0:02:46]} 11. Nbd2 {[%clk 0:03:03]} Be7 {[%clk 0:02:34]} 12. Nc4
{[%clk 0:03:03]} Nd5 {[%clk 0:02:34]} 13. c3 {[%clk 0:02:53]} O-O
{[%clk 0:02:33]} 14. Nce5 {[%clk 0:02:46]} Nxe5 {[%clk 0:02:33]} 15. Nxe5
{[%clk 0:02:46]} b5 {[%clk 0:02:30]} 16. Qe2 {[%clk 0:02:38]} Bd6
{[%clk 0:02:25]} 17. Re1 {[%clk 0:02:37]} Bh7 {[%clk 0:02:18]} 18. h4
{[%clk 0:02:04]} a5 {[%clk 0:02:03]} 19. a4 {[%clk 0:02:03]} Rab8
{[%clk 0:02:00]} 20. axb5 {[%clk 0:02:03]} cxb5 {[%clk 0:02:01]} 21. h5
{[%clk 0:01:09]} Rfc8 {[%clk 0:01:45]} 22. Bd2 {[%clk 0:00:35]} Bxe5
{[%clk 0:01:40]} 23. Qxe5 {[%clk 0:00:34]} Qxe5 {[%clk 0:00:54]} 24. Rxe5
{[%clk 0:00:34]} Nb6 {[%clk 0:00:44]} 25. Bf1 {[%clk 0:00:17]} Nc4
{[%clk 0:00:42]} 26. Bxc4 {[%clk 0:00:18]} bxc4 {[%clk 0:00:43]} 27. Bc1
{[%clk 0:00:18]} Bc2 {[%clk 0:00:34]} 28. Rexa5 {[%clk 0:00:18]} Be4
{[%clk 0:00:25]} 29. g4 {[%clk 0:00:18]} Bf3 {[%clk 0:00:25]} 30. g5
{[%clk 0:00:18]} hxg5 {[%clk 0:00:25]} 31. Rxg5 {[%clk 0:00:18]} f6
{[%clk 0:00:15]} 32. Rga5 {[%clk 0:00:18]} Kh7 {[%clk 0:00:12]} 33. Kh2
{[%clk 0:00:19]} Bd5 {[%clk 0:00:13]} 34. Kg3 {[%clk 0:00:20]} Rb7
{[%clk 0:00:13]} 35. f3 {[%clk 0:00:21]} Rg8 {[%clk 0:00:12]} 36. Ra7
{[%clk 0:00:21]} g6 {[%clk 0:00:08]} 37. Rxb7+ {[%clk 0:00:22]} Bxb7
{[%clk 0:00:09]} 38. Ra7 {[%clk 0:00:23]} gxh5+ {[%clk 0:00:10]} 39. Kh4
{[%clk 0:00:23]} Rg7 {[%clk 0:00:12]} 40. f4 {[%clk 0:00:20]} Kg6
{[%clk 0:00:07]} 41. Bd2 {[%clk 0:00:19]} Kf5 {[%clk 0:00:07]} 42. Ra5+
{[%clk 0:00:19]} Bd5 {[%clk 0:00:08]} 43. b3 {[%clk 0:00:16]} cxb3
{[%clk 0:00:05]} 44. c4 {[%clk 0:00:17]} b2 {[%clk 0:00:07]} 45. Rb5
{[%clk 0:00:18]} b1=Q {[%clk 0:00:07]} 46. Rxb1 {[%clk 0:00:19]} Bxc4
{[%clk 0:00:09]} 47. Be3 {[%clk 0:00:16]} Rg4+ {[%clk 0:00:07]} 48. Kh3
{[%clk 0:00:17]} Bd5 {[%clk 0:00:08]} 49. Rg1 {[%clk 0:00:18]} Ke4
{[%clk 0:00:06]} 50. Bf2 {[%clk 0:00:13]} Rxf4 {[%clk 0:00:06]} 51. Re1+
{[%clk 0:00:12]} Kf5 {[%clk 0:00:06]} 52. Be3 {[%clk 0:00:13]} Rg4
{[%clk 0:00:07]} 53. Rf1+ {[%clk 0:00:13]} Ke4 {[%clk 0:00:07]} 54. Bg1
{[%clk 0:00:13]} f5 {[%clk 0:00:08]} 55. Re1+ {[%clk 0:00:14]} Kd3
{[%clk 0:00:09]} 56. Re3+ {[%clk 0:00:14]} Kd2 {[%clk 0:00:09]} 57. Rg3
{[%clk 0:00:16]} Re4 {[%clk 0:00:06]} 58. Rg5 {[%clk 0:00:15]} Re1
{[%clk 0:00:07]} 59. Bf2 {[%clk 0:00:15]} Rh1+ {[%clk 0:00:07]} 60. Kg3
{[%clk 0:00:16]} h4+ {[%clk 0:00:07]} 61. Kf4 {[%clk 0:00:17]} Rf1
{[%clk 0:00:07]} 0-1

[Event "Blitz 2018"]
[Site "Saint-Petersburg"]
[Date "2018.12.30"]
[Round "19"]
[Board "77"]
[White "Steinberg Nitzan (ISR)"]
[Black "Shaposhnikov Evgeny (RUS)"]
[Result "0-1"]
[LiveChessVersion "1.4.8"]
[BlackElo "2603"]
[WhiteElo "2447"]

1. e4 {[%clk 0:03:03]} e6 {[%clk 0:03:03]} 2. d4 {[%clk 0:03:02]} d5
{[%clk 0:03:04]} 3. e5 {[%clk 0:03:03]} c5 4. c3 Nc6 {[%clk 0:03:04]} 5. Nf3
{[%clk 0:03:06]} Qb6 {[%clk 0:03:04]} 6. Na3 {[%clk 0:03:07]} Bd7
{[%clk 0:02:58]} 7. Be2 {[%clk 0:03:07]} cxd4 {[%clk 0:02:51]} 8. cxd4
{[%clk 0:03:09]} Bb4+ {[%clk 0:02:47]} 9. Kf1 {[%clk 0:03:10]} Nh6
{[%clk 0:02:44]} 10. Nc2 {[%clk 0:03:03]} Be7 {[%clk 0:02:44]} 11. g3
{[%clk 0:03:00]} Nf5 {[%clk 0:02:42]} 12. Kg2 {[%clk 0:03:00]} O-O-O
{[%clk 0:02:31]} 13. b4 {[%clk 0:02:45]} Kb8 {[%clk 0:02:27]} 14. Rb1
{[%clk 0:02:34]} Rc8 {[%clk 0:02:08]} 15. Bd2 {[%clk 0:02:28]} g5
{[%clk 0:01:55]} 16. b5 {[%clk 0:02:14]} g4 {[%clk 0:01:43]} 17. bxc6
{[%clk 0:02:15]} gxf3+ {[%clk 0:01:43]} 18. Bxf3 {[%clk 0:02:12]} Qxc6
{[%clk 0:01:43]} 19. Rb2 {[%clk 0:01:57]} Rhg8 {[%clk 0:01:36]} 20. Be2
{[%clk 0:01:48]} Qa4 {[%clk 0:01:29]} 21. Qb1 {[%clk 0:01:34]} b6
{[%clk 0:01:23]} 22. Rd1 {[%clk 0:01:22]} Ka8 {[%clk 0:01:24]} 23. Be1
{[%clk 0:01:16]} Rc7 {[%clk 0:01:20]} 24. Bd3 {[%clk 0:01:08]} Rgc8
{[%clk 0:01:15]} 25. Bxf5 {[%clk 0:01:00]} exf5 26. Ne3 Be6 {[%clk 0:00:59]} 27.
Bb4 {[%clk 0:01:03]} f4 {[%clk 0:00:53]} 28. gxf4 {[%clk 0:00:59]} Rg8+
{[%clk 0:00:53]} 29. Kh1 {[%clk 0:00:51]} Bxb4 30. Rxb4 {[%clk 0:00:52]} Qa5
{[%clk 0:00:43]} 31. f5 {[%clk 0:00:52]} Bd7 {[%clk 0:00:39]} 32. Qb3
{[%clk 0:00:50]} Qa6 {[%clk 0:00:35]} 33. Qb2 {[%clk 0:00:31]} Qc8
{[%clk 0:00:35]} 34. Qb1 {[%clk 0:00:29]} Rc3 {[%clk 0:00:34]} 35. Rb3
{[%clk 0:00:24]} Ba4 {[%clk 0:00:25]} 36. Rxc3 {[%clk 0:00:21]} Qxc3
{[%clk 0:00:26]} 37. Rd3 {[%clk 0:00:21]} Qc8 {[%clk 0:00:24]} 38. Ra3
{[%clk 0:00:17]} b5 {[%clk 0:00:18]} 39. Rd3 {[%clk 0:00:14]} Qd8
{[%clk 0:00:18]} 40. Rd2 {[%clk 0:00:09]} Qh4 {[%clk 0:00:19]} 41. Re2
{[%clk 0:00:08]} Qh5 {[%clk 0:00:18]} 42. f3 {[%clk 0:00:06]} Qxf3+ 43. Rg2 Rc8
{[%clk 0:00:17]} 44. e6 {[%clk 0:00:06]} fxe6 {[%clk 0:00:17]} 45. fxe6
{[%clk 0:00:07]} Qxe3 {[%clk 0:00:17]} 46. Rg1 {[%clk 0:00:04]} Bc2
{[%clk 0:00:17]} 0-1

[Event "Blitz 2018"]
[Site "Saint-Petersburg"]
[Date "2018.12.30"]
[Round "19"]
[Board "78"]
[White "Oganian Miran (RUS)"]
[Black "Pantsulaia Levan (GEO)"]
[Result "0-1"]
[LiveChessVersion "1.4.8"]
[BlackElo "2584"]
[WhiteElo "2326"]

1. b3 {[%clk 0:03:03]} d5 {[%clk 0:03:01]} 2. Bb2 {[%clk 0:03:04]} Bg4
{[%clk 0:03:01]} 3. g3 {[%clk 0:03:01]} c6 {[%clk 0:02:57]} 4. Bg2
{[%clk 0:03:02]} e6 {[%clk 0:02:58]} 5. Nf3 {[%clk 0:03:01]} Nd7 {[%clk 0:02:59]}
6. O-O {[%clk 0:03:00]} Ngf6 {[%clk 0:02:59]} 7. d3 {[%clk 0:02:48]} Bd6
{[%clk 0:02:41]} 8. Nbd2 {[%clk 0:02:43]} O-O {[%clk 0:02:40]} 9. e4
{[%clk 0:02:43]} a5 {[%clk 0:02:34]} 10. h3 {[%clk 0:02:36]} Bxf3
{[%clk 0:02:32]} 11. Qxf3 {[%clk 0:02:21]} a4 {[%clk 0:02:30]} 12. Rab1
{[%clk 0:01:50]} axb3 {[%clk 0:02:22]} 13. axb3 {[%clk 0:01:51]} Ra2
{[%clk 0:02:22]} 14. Qe2 {[%clk 0:01:51]} Qb6 {[%clk 0:02:04]} 15. e5
{[%clk 0:01:42]} Rxb2 {[%clk 0:02:02]} 16. Rxb2 {[%clk 0:01:12]} Bxe5
{[%clk 0:02:02]} 17. Ra2 {[%clk 0:00:58]} Bxg3 {[%clk 0:02:01]} 18. Nf3
{[%clk 0:00:54]} Bb8 {[%clk 0:01:58]} 19. Rfa1 {[%clk 0:00:42]} Nh5
{[%clk 0:01:53]} 20. Qe3 {[%clk 0:00:42]} Qc7 {[%clk 0:01:52]} 21. Ra4
{[%clk 0:00:41]} Nf4 {[%clk 0:01:49]} 22. Bf1 {[%clk 0:00:42]} e5
{[%clk 0:01:43]} 23. Ra8 {[%clk 0:00:36]} h6 {[%clk 0:01:37]} 24. c4
{[%clk 0:00:09]} d4 {[%clk 0:01:36]} 25. Qd2 {[%clk 0:00:06]} Nc5
{[%clk 0:01:35]} 26. R1a3 {[%clk 0:00:03]} Nce6 {[%clk 0:01:17]} 27. b4
{[%clk 0:00:05]} Qe7 {[%clk 0:01:09]} 28. c5 {[%clk 0:00:04]} Nc7
{[%clk 0:01:03]} 29. R8a5 {[%clk 0:00:04]} Nb5 {[%clk 0:00:55]} 30. Qe1
{[%clk 0:00:05]} Nxa3 {[%clk 0:00:51]} 31. Rxa3 {[%clk 0:00:06]} f5
{[%clk 0:00:46]} 32. Kh1 {[%clk 0:00:07]} Qf7 {[%clk 0:00:44]} 33. Nxe5
{[%clk 0:00:04]} Qd5+ {[%clk 0:00:43]} 0-1

[Event "Blitz 2018"]
[Site "Saint-Petersburg"]
[Date "2018.12.30"]
[Round "19"]
[Board "79"]
[White "Dubrovin Robert (EST)"]
[Black "Zakhartsov Vladimir (RUS)"]
[Result "0-1"]
[LiveChessVersion "1.4.8"]
[BlackElo "2567"]
[WhiteElo "2176"]

1. d4 {[%clk 0:03:03]} Nf6 2. c4 g6 {[%clk 0:03:03]} 3. Nc3 {[%clk 0:03:06]} d5
{[%clk 0:03:05]} 4. Nf3 Bg7 5. e3 {[%clk 0:03:07]} O-O {[%clk 0:03:07]} 6. Be2
{[%clk 0:03:09]} c5 {[%clk 0:03:08]} 7. cxd5 {[%clk 0:03:07]} Nxd5
{[%clk 0:03:09]} 8. Qb3 {[%clk 0:03:07]} Nxc3 {[%clk 0:02:49]} 9. bxc3
{[%clk 0:03:08]} Nc6 {[%clk 0:02:50]} 10. O-O {[%clk 0:03:07]} cxd4
{[%clk 0:02:35]} 11. cxd4 {[%clk 0:03:08]} e5 {[%clk 0:02:36]} 12. Ba3
{[%clk 0:03:00]} Re8 {[%clk 0:02:13]} 13. dxe5 {[%clk 0:02:48]} Nxe5
{[%clk 0:01:59]} 14. Rad1 {[%clk 0:02:49]} Qf6 {[%clk 0:01:54]} 15. Nxe5
{[%clk 0:02:21]} Qxe5 {[%clk 0:01:54]} 16. Bf3 {[%clk 0:02:16]} Qf6
{[%clk 0:01:12]} 17. Rd2 {[%clk 0:02:09]} Qc3 {[%clk 0:01:01]} 18. Qxc3
{[%clk 0:02:00]} Bxc3 {[%clk 0:01:02]} 19. Rc2 {[%clk 0:01:57]} Be5
{[%clk 0:01:03]} 20. Rb1 {[%clk 0:01:07]} Rb8 {[%clk 0:00:48]} 21. Rb5
{[%clk 0:01:04]} Bf5 {[%clk 0:00:41]} 22. e4 {[%clk 0:00:59]} Bd7
{[%clk 0:00:40]} 23. Rxe5 {[%clk 0:00:47]} Rxe5 {[%clk 0:00:41]} 24. Bd6
{[%clk 0:00:48]} Rb5 {[%clk 0:00:42]} 25. g3 {[%clk 0:00:28]} Rc8
{[%clk 0:00:42]} 26. Rd2 {[%clk 0:00:27]} Bh3 {[%clk 0:00:42]} 27. Rd1
{[%clk 0:00:23]} Rb2 {[%clk 0:00:29]} 28. g4 {[%clk 0:00:15]} Rxa2
{[%clk 0:00:21]} 29. Bg3 {[%clk 0:00:14]} Rac2 {[%clk 0:00:21]} 30. Bf4
{[%clk 0:00:12]} a5 {[%clk 0:00:22]} 31. e5 {[%clk 0:00:06]} Kg7 {[%clk 0:00:18]}
32. Bxb7 {[%clk 0:00:07]} R8c4 {[%clk 0:00:19]} 33. Be3 {[%clk 0:00:07]} Rxg4+
34. Kh1 Rb4 {[%clk 0:00:18]} 35. f4 {[%clk 0:00:04]} Rxb7 {[%clk 0:00:18]} 36.
Bc1 0-1

[Event "Blitz 2018"]
[Site "Saint-Petersburg"]
[Date "2018.12.30"]
[Round "19"]
[Board "80"]
[White "Potapov Pavel (RUS)"]
[Black "Sanikidze Tornike (GEO)"]
[Result "0-1"]
[LiveChessVersion "1.4.8"]
[BlackElo "2484"]
[WhiteElo "2542"]

1. e4 {[%clk 0:03:03]} e6 {[%clk 0:03:01]} 2. d3 {[%clk 0:02:56]} d5
{[%clk 0:03:02]} 3. Nd2 {[%clk 0:02:56]} Nc6 {[%clk 0:03:02]} 4. Ngf3
{[%clk 0:02:56]} dxe4 {[%clk 0:02:55]} 5. dxe4 {[%clk 0:02:42]} Bc5
{[%clk 0:02:54]} 6. g3 {[%clk 0:02:25]} Nf6 {[%clk 0:02:43]} 7. Bg2
{[%clk 0:02:24]} O-O {[%clk 0:02:18]} 8. O-O {[%clk 0:02:23]} e5 {[%clk 0:02:08]}
9. Qe2 {[%clk 0:02:14]} Bg4 {[%clk 0:02:04]} 10. c3 {[%clk 0:02:13]} Qc8
{[%clk 0:01:52]} 11. Nb3 {[%clk 0:02:12]} Bd6 {[%clk 0:01:43]} 12. Bg5
{[%clk 0:02:09]} Qe6 {[%clk 0:01:43]} 13. Rfd1 {[%clk 0:01:38]} h6
{[%clk 0:01:44]} 14. Bxf6 {[%clk 0:01:29]} Qxf6 {[%clk 0:01:44]} 15. h3
{[%clk 0:01:30]} Be6 {[%clk 0:01:45]} 16. Qe3 {[%clk 0:01:26]} Qe7
{[%clk 0:01:44]} 17. Nh4 {[%clk 0:01:19]} Qf6 {[%clk 0:01:38]} 18. Nc5
{[%clk 0:01:04]} Bc8 {[%clk 0:01:36]} 19. Nb3 {[%clk 0:00:57]} a5
{[%clk 0:01:35]} 20. Qf3 {[%clk 0:00:37]} Qxf3 {[%clk 0:01:13]} 21. Nxf3
{[%clk 0:00:37]} Be6 {[%clk 0:01:11]} 22. Nbd2 {[%clk 0:00:33]} Rfd8
{[%clk 0:01:12]} 23. Bf1 {[%clk 0:00:30]} a4 {[%clk 0:01:10]} 24. Kg2
{[%clk 0:00:28]} Na5 25. Bb5 Bd7 {[%clk 0:00:41]} 26. Bxd7 {[%clk 0:00:23]} Rxd7
27. Nf1 {[%clk 0:00:22]} Rad8 {[%clk 0:00:41]} 28. Ne3 {[%clk 0:00:22]} b5
{[%clk 0:00:33]} 29. Kf1 {[%clk 0:00:23]} f6 {[%clk 0:00:33]} 30. Ke2 Bc5
{[%clk 0:00:34]} 31. Rxd7 {[%clk 0:00:19]} Rxd7 32. Rd1 {[%clk 0:00:20]} Rxd1
{[%clk 0:00:34]} 33. Nxd1 Kf7 {[%clk 0:00:33]} 34. Nd2 {[%clk 0:00:21]} Ke6
{[%clk 0:00:33]} 35. b4 {[%clk 0:00:22]} axb3 {[%clk 0:00:34]} 36. axb3
{[%clk 0:00:23]} b4 {[%clk 0:00:34]} 37. c4 {[%clk 0:00:12]} Bd4 {[%clk 0:00:30]}
38. Kd3 {[%clk 0:00:13]} Nb7 {[%clk 0:00:31]} 39. Kc2 {[%clk 0:00:13]} Nc5
{[%clk 0:00:31]} 40. f3 {[%clk 0:00:13]} f5 {[%clk 0:00:30]} 41. g4
{[%clk 0:00:10]} g6 {[%clk 0:00:26]} 42. h4 {[%clk 0:00:08]} Kf6 {[%clk 0:00:24]}
43. Kb1 {[%clk 0:00:05]} h5 {[%clk 0:00:21]} 44. g5+ {[%clk 0:00:05]} Ke6
{[%clk 0:00:22]} 45. Kc2 {[%clk 0:00:06]} c6 {[%clk 0:00:22]} 46. Kb1
{[%clk 0:00:07]} Nd3 {[%clk 0:00:23]} 47. Kc2 {[%clk 0:00:05]} Ne1+
{[%clk 0:00:23]} 48. Kb1 {[%clk 0:00:06]} Ng2 {[%clk 0:00:24]} 49. exf5+
{[%clk 0:00:04]} gxf5 {[%clk 0:00:26]} 50. Nb2 {[%clk 0:00:03]} Nxh4
{[%clk 0:00:15]} 51. Nd3 {[%clk 0:00:05]} c5 {[%clk 0:00:17]} 52. f4
{[%clk 0:00:06]} e4 {[%clk 0:00:17]} 53. Ne1 {[%clk 0:00:06]} Bf2
{[%clk 0:00:16]} 54. Nc2 {[%clk 0:00:06]} Ng6 {[%clk 0:00:16]} 0-1

[Event "Blitz 2018"]
[Site "Saint-Petersburg"]
[Date "2018.12.30"]
[Round "19"]
[Board "81"]
[White "Kabanov Nikolai (RUS)"]
[Black "Anisimov Pavel (RUS)"]
[Result "1/2-1/2"]
[LiveChessVersion "1.4.8"]
[BlackElo "2519"]
[WhiteElo "2311"]

1. e4 {[%clk 0:03:03]} c5 {[%clk 0:03:02]} 2. Nf3 {[%clk 0:03:03]} d6
{[%clk 0:03:04]} 3. d4 {[%clk 0:03:04]} cxd4 {[%clk 0:03:05]} 4. Qxd4
{[%clk 0:03:05]} a6 {[%clk 0:03:05]} 5. Be2 {[%clk 0:02:54]} Nc6 {[%clk 0:03:00]}
6. Qe3 {[%clk 0:02:55]} g6 {[%clk 0:02:56]} 7. O-O {[%clk 0:02:48]} Bg7
{[%clk 0:02:57]} 8. c4 {[%clk 0:02:48]} Nf6 {[%clk 0:02:52]} 9. h3
{[%clk 0:02:47]} Nd7 {[%clk 0:02:47]} 10. Rd1 {[%clk 0:02:41]} Qb6
{[%clk 0:02:29]} 11. Nc3 {[%clk 0:02:30]} Qxe3 {[%clk 0:02:17]} 12. Bxe3
{[%clk 0:02:30]} Bxc3 {[%clk 0:02:15]} 13. bxc3 {[%clk 0:02:31]} f6
{[%clk 0:01:54]} 14. Nd4 {[%clk 0:02:20]} Kf7 {[%clk 0:01:45]} 15. c5
{[%clk 0:01:49]} Nxc5 {[%clk 0:01:28]} 16. Bc4+ {[%clk 0:01:47]} Kg7
{[%clk 0:00:38]} 17. Nxc6 {[%clk 0:01:45]} bxc6 {[%clk 0:00:39]} 18. Bxc5
{[%clk 0:01:44]} dxc5 {[%clk 0:00:40]} 19. Rab1 {[%clk 0:01:41]} Ra7
{[%clk 0:00:38]} 20. Rb6 {[%clk 0:01:35]} Rc7 {[%clk 0:00:36]} 21. Bxa6
{[%clk 0:01:27]} Bxa6 {[%clk 0:00:34]} 22. Rxa6 {[%clk 0:01:28]} Rb8
{[%clk 0:00:35]} 23. Rd2 {[%clk 0:01:18]} Kf7 {[%clk 0:00:32]} 24. Kf1
{[%clk 0:01:11]} Rb1+ {[%clk 0:00:29]} 25. Ke2 {[%clk 0:01:12]} g5
{[%clk 0:00:26]} 26. Ra5 {[%clk 0:01:07]} Rb5 {[%clk 0:00:27]} 27. Ra8
{[%clk 0:01:08]} Rb1 {[%clk 0:00:25]} 28. Rdd8 {[%clk 0:01:00]} Ke6
{[%clk 0:00:20]} 29. g3 {[%clk 0:00:50]} Rh1 {[%clk 0:00:17]} 30. Ra5
{[%clk 0:00:48]} Rxh3 {[%clk 0:00:16]} 31. Rd1 {[%clk 0:00:43]} h5
{[%clk 0:00:15]} 32. Kf3 {[%clk 0:00:44]} h4 {[%clk 0:00:11]} 33. Kg2
{[%clk 0:00:42]} g4 {[%clk 0:00:13]} 34. Rxc5 {[%clk 0:00:40]} hxg3
{[%clk 0:00:13]} 35. fxg3 {[%clk 0:00:40]} Rh8 {[%clk 0:00:14]} 36. a4
{[%clk 0:00:37]} Rb8 {[%clk 0:00:13]} 37. Rd2 {[%clk 0:00:37]} Rb3
{[%clk 0:00:14]} 38. Ra2 {[%clk 0:00:38]} Kd6 {[%clk 0:00:14]} 39. Rc4
{[%clk 0:00:33]} Ra7 {[%clk 0:00:12]} 40. a5 {[%clk 0:00:34]} Ra6
{[%clk 0:00:13]} 41. Kf2 {[%clk 0:00:31]} c5 {[%clk 0:00:09]} 42. Ke3
{[%clk 0:00:32]} e5 {[%clk 0:00:08]} 43. Kd3 {[%clk 0:00:31]} Kc6
{[%clk 0:00:07]} 44. Kc2 {[%clk 0:00:31]} Rb5 {[%clk 0:00:08]} 45. Rca4
{[%clk 0:00:33]} Rb8 {[%clk 0:00:08]} 46. Ra1 {[%clk 0:00:31]} Rba8
{[%clk 0:00:08]} 47. R4a2 {[%clk 0:00:29]} Kb5 {[%clk 0:00:08]} 48. Rb2+
{[%clk 0:00:29]} Kc6 {[%clk 0:00:10]} 49. Rf1 {[%clk 0:00:29]} Kc7
{[%clk 0:00:07]} 50. Rb6 {[%clk 0:00:29]} Rxb6 {[%clk 0:00:06]} 51. axb6+
{[%clk 0:00:30]} Kxb6 {[%clk 0:00:07]} 52. Rxf6+ {[%clk 0:00:31]} Kb5
{[%clk 0:00:08]} 53. Kd3 {[%clk 0:00:30]} Ra1 {[%clk 0:00:06]} 54. Rg6
{[%clk 0:00:28]} Rd1+ {[%clk 0:00:06]} 55. Kc2 {[%clk 0:00:29]} Re1
{[%clk 0:00:07]} 56. Rxg4 {[%clk 0:00:29]} Kc4 {[%clk 0:00:08]} 57. Kd2
{[%clk 0:00:30]} Ra1 {[%clk 0:00:08]} 58. Rg5 {[%clk 0:00:31]} Rg1
{[%clk 0:00:08]} 59. Rxe5 {[%clk 0:00:30]} Rxg3 {[%clk 0:00:08]} 60. Re8
{[%clk 0:00:29]} Rd3+ {[%clk 0:00:09]} 1/2-1/2

[Event "Blitz 2018"]
[Site "Saint-Petersburg"]
[Date "2018.12.30"]
[Round "19"]
[Board "82"]
[White "Tregubov Pavel V. (RUS)"]
[Black "Borisenko Viacheslav (UKR)"]
[Result "1-0"]
[LiveChessVersion "1.4.8"]
[BlackElo "2444"]
[WhiteElo "2516"]

1. d4 {[%clk 0:03:03]} d5 {[%clk 0:03:02]} 2. c4 {[%clk 0:03:04]} dxc4
{[%clk 0:03:03]} 3. e3 {[%clk 0:03:04]} Nf6 {[%clk 0:03:04]} 4. Bxc4
{[%clk 0:03:05]} e6 {[%clk 0:03:05]} 5. Nf3 {[%clk 0:03:06]} a6 {[%clk 0:03:06]}
6. O-O {[%clk 0:03:06]} c5 {[%clk 0:03:07]} 7. Bb3 {[%clk 0:03:06]} Nc6
{[%clk 0:03:06]} 8. Nc3 {[%clk 0:03:03]} b5 {[%clk 0:03:03]} 9. dxc5
{[%clk 0:03:02]} Bxc5 {[%clk 0:03:04]} 10. Qxd8+ {[%clk 0:02:52]} Kxd8
{[%clk 0:03:04]} 11. Bd2 {[%clk 0:02:50]} Ke7 {[%clk 0:03:03]} 12. Rac1
{[%clk 0:02:48]} Nd7 {[%clk 0:02:53]} 13. Ne4 {[%clk 0:02:47]} Ba7
{[%clk 0:02:17]} 14. Rxc6 {[%clk 0:02:48]} Bb7 {[%clk 0:02:18]} 15. Bb4+
{[%clk 0:02:49]} Kd8 {[%clk 0:02:18]} 16. Rd6 {[%clk 0:02:49]} Bb8
{[%clk 0:01:58]} 17. Rfd1 {[%clk 0:02:15]} Bxd6 {[%clk 0:01:44]} 18. Nxd6
{[%clk 0:02:16]} Bxf3 {[%clk 0:01:40]} 19. Nxf7+ {[%clk 0:02:17]} Ke8
{[%clk 0:01:16]} 20. gxf3 {[%clk 0:02:15]} Kxf7 {[%clk 0:01:06]} 21. Rxd7+
{[%clk 0:02:16]} Kg6 {[%clk 0:00:47]} 22. Bc3 {[%clk 0:02:17]} Rhd8
{[%clk 0:00:40]} 23. Rxg7+ {[%clk 0:02:17]} Kh6 {[%clk 0:00:41]} 24. Bc2
{[%clk 0:02:13]} Rg8 {[%clk 0:00:40]} 25. Rxg8 {[%clk 0:02:13]} Rxg8+
{[%clk 0:00:40]} 26. Kf1 {[%clk 0:02:14]} Rc8 {[%clk 0:00:37]} 27. a3
{[%clk 0:02:10]} Kg5 {[%clk 0:00:29]} 28. Bxh7 {[%clk 0:02:07]} 1-0